[Event "23rd 4NCL Congress"]
[Site "South Normanton"]
[Date "2019.10.04"]
[Round "1.1"]
[White "Jarvis, Derek A"]
[Black "Sudar, Dragoljub"]
[Result "1-0"]
[WhiteElo "1942"]
[BlackElo "1810"]
[PlyCount "100"]
[EventDate "2019.10.04"]

1. e4 c5 2. Nf3 Nc6 3. Bb5 g6 4. c3 Bg7 5. d4 cxd4 6. cxd4 Nf6 7. Nc3 a6 8.
Bxc6 dxc6 9. h3 O-O 10. a4 b6 11. O-O Bb7 12. Qe2 Qc7 13. e5 Nd5 14. Nxd5 cxd5
15. Bf4 e6 16. Rfc1 Qd7 17. a5 b5 18. Rc5 Rfc8 19. Rac1 Bf8 20. R5c2 Rc4 21. b3
Rxc2 22. Rxc2 Rc8 23. Qd2 Rxc2 24. Qxc2 Qd8 25. Qd2 Qe7 26. Bh6 Bg7 27. Bxg7
Kxg7 28. Qc3 Qd8 29. Kf1 h6 30. Ke1 Kf8 31. Kd2 Qe7 32. Qc5 Ke8 33. Kc3 Qxc5+
34. dxc5 Kd7 35. Nd4 Bc6 36. h4 Kc7 37. f4 h5 38. Kd3 Be8 39. b4 Bc6 40. Ke3
Be8 41. Kf3 Bc6 42. g4 Kd7 43. gxh5 gxh5 44. f5 exf5 45. Kf4 Kc7 46. Kxf5 Bd7+
47. Kf6 Be6 48. Ke7 Kb7 49. Kd8 Kb8 50. Nxe6 fxe6 1-0

[Event "23rd 4NCL Congress"]
[Site "South Normanton"]
[Date "2019.10.04"]
[Round "1.2"]
[White "Obi, Marc On"]
[Black "Davies, Peter L"]
[Result "0-1"]
[WhiteElo "1802"]
[BlackElo "1933"]
[PlyCount "140"]
[EventDate "2019.10.04"]

1. d4 Nf6 2. Bf4 d6 3. Nc3 b6 4. e4 Bb7 5. f3 c5 6. Bb5+ Nfd7 7. e5 cxd4 8.
Qxd4 dxe5 9. Bxe5 Nc6 10. Bxc6 Bxc6 11. Bxg7 e5 12. Qc4 Bxg7 13. Qxc6 Rc8 14.
Qa4 O-O 15. O-O-O Qg5+ 16. Kb1 Qxg2 17. Nge2 Nc5 18. Qxa7 Qxf3 19. Qxb6 Ne6 20.
Rhg1 Rb8 21. Qa5 Kh8 22. Qd5 Qf2 23. Qg2 Qxg2 24. Rxg2 Rbd8 25. Rgg1 f5 26.
Rxd8 Rxd8 27. a4 e4 28. Rf1 Rf8 29. b4 Be5 30. h3 Ng5 31. h4 Nf3 32. Ka2 Rc8
33. Kb2 Nd4 34. Kc1 Nf3 35. Nd5 Bd6 36. h5 Bf8 37. a5 Rc4 38. c3 Bh6+ 39. Kc2
Rc8 40. b5 Rc5 41. a6 Rxb5 42. Ra1 Rxd5 43. a7 Rd8 44. a8=Q Rxa8 45. Rxa8+ Kg7
46. c4 Be3 47. Ra5 Kf6 48. Nc3 Nd4+ 49. Kb2 Ke6 50. Rd5 Nc6 51. Nb5 Nb4 52.
Rd6+ Ke7 53. Kb3 Nd3 54. Rc6 f4 55. Rc7+ Kd8 56. Rxh7 f3 57. Nc3 f2 58. Rf7 Bf4
59. h6 f1=Q 60. h7 Nc1+ 61. Kb4 Bd6+ 62. c5 Nd3+ 63. Ka5 Qa1+ 64. Kb5 Qb2+ 65.
Ka6 Nxc5+ 66. Ka5 Qxc3+ 67. Kb6 Be5 68. Kc6 Ne6+ 69. Kd5 Qd4+ 70. Kxe6 e3 0-1

[Event "23rd 4NCL Congress"]
[Site "South Normanton"]
[Date "2019.10.04"]
[Round "1.3"]
[White "Gibbs, Dominic V"]
[Black "Graham, Neil"]
[Result "1/2-1/2"]
[WhiteElo "1930"]
[BlackElo "1769"]
[PlyCount "86"]
[EventDate "2019.10.04"]

1. e4 e5 2. Nf3 Nf6 3. Nxe5 d6 4. Nf3 Nxe4 5. Nc3 Nxc3 6. dxc3 Be7 7. Bd3 Nc6
8. Bf4 Be6 9. Qe2 Qd7 10. O-O O-O-O 11. b4 Bf6 12. b5 Ne7 13. Nd4 Nd5 14. Bd2
Rde8 15. f4 Bxd4+ 16. cxd4 Bf5 17. Qf3 Bxd3 18. Qxd3 Nf6 19. f5 h6 20. a4 Re4
21. a5 Rhe8 22. Rfe1 Rxe1+ 23. Rxe1 Rxe1+ 24. Bxe1 Qe8 25. Bh4 Qe4 26. Qxe4
Nxe4 27. Be7 g6 28. g4 Nc3 29. b6 axb6 30. axb6 Nd5 31. Bf8 gxf5 32. gxf5 h5
33. bxc7 Kxc7 34. Kf2 b5 35. Bh6 Ne7 36. f6 Nf5 37. Be3 d5 38. Bf4+ Kd7 39. Be5
Ke6 40. Kf3 Nh6 41. h3 Kf5 42. Ke3 Ng8 43. Kf3 Nh6 1/2-1/2

[Event "23rd 4NCL Congress"]
[Site "South Normanton"]
[Date "2019.10.04"]
[Round "1.4"]
[White "Dean, Robert A"]
[Black "Spanton, Tim R"]
[Result "0-1"]
[WhiteElo "1750"]
[BlackElo "1900"]
[PlyCount "58"]
[EventDate "2019.10.04"]

1. e4 e5 2. Nf3 Nc6 3. Bb5 Nf6 4. O-O Nxe4 5. d4 a6 6. Ba4 b5 7. Bb3 d5 8. dxe5
Be6 9. Qe2 Be7 10. c3 O-O 11. Rd1 Nc5 12. Bc2 Bg4 13. h3 Bxf3 14. Qxf3 Nxe5 15.
Qh5 f6 16. Be3 g6 17. Qe2 Nc4 18. Bxc5 Bxc5 19. Qe6+ Kg7 20. Qxd5 Qe7 21. Qd7
Rf7 22. Qxe7 Rxe7 23. b4 Bb6 24. Kf1 Rae8 25. Nd2 Re2 26. Ne4 Rxc2 27. Rd7+ Kh6
28. Nxf6 Rxf2+ 29. Kg1 Rd2+ 0-1

[Event "23rd 4NCL Congress"]
[Site "South Normanton"]
[Date "2019.10.04"]
[Round "1.7"]
[White "Brown, Geoffrey M"]
[Black "Potter, Steven"]
[Result "1/2-1/2"]
[WhiteElo "1861"]
[BlackElo "1720"]
[PlyCount "110"]
[EventDate "2019.10.04"]

1. f4 b6 2. Nf3 Bb7 3. e3 e6 4. b3 Be7 5. Bb2 Bf6 6. d4 c5 7. Bd3 cxd4 8. e4
Nc6 9. e5 Bh4+ 10. Kf1 Nh6 11. Nxd4 Nxd4 12. Bxd4 Qc7 13. Nd2 O-O 14. Rg1 Be7
15. g4 f6 16. Ke2 fxe5 17. fxe5 Bc5 18. c3 d6 19. Qc2 dxe5 20. Bxc5 bxc5 21.
Bxh7+ Kh8 22. Be4 Rf4 23. h3 Raf8 24. Rgf1 Bxe4 25. Nxe4 Qf7 26. Rxf4 Qxf4 27.
Re1 Rd8 28. Rf1 Qh2+ 29. Nf2 Qg2 30. Qe4 Qg3 31. Qe3 Qf4 32. Ne4 Qh2+ 33. Rf2
Qh1 34. Rf1 Qh2+ 35. Nf2 Rd5 36. Rh1 Qg2 37. Rd1 Nf7 38. h4 a5 39. g5 g6 40.
Qe4 Qg3 41. Rxd5 exd5 42. Qxg6 Qf4 43. Qh5+ Kg8 44. Qg4 Qc1 45. g6 Qc2+ 46. Kf1
Nh6 47. Qe6+ Kg7 48. h5 Nf5 49. Qxe5+ Kh6 50. Qf4+ Kxh5 51. Qg4+ Kh6 52. Kg1
Qc1+ 53. Kh2 Ne3 54. Qh3+ Kxg6 55. Qe6+ Kh5 1/2-1/2

[Event "23rd 4NCL Congress"]
[Site "South Normanton"]
[Date "2019.10.04"]
[Round "1.8"]
[White "Taylor, Robert P"]
[Black "Garnett, John S"]
[Result "1/2-1/2"]
[WhiteElo "1692"]
[BlackElo "1861"]
[PlyCount "105"]
[EventDate "2019.10.04"]

1. d4 Nf6 2. Bg5 e6 3. Nd2 h6 4. Bh4 d5 5. e3 c5 6. c3 Be7 7. Ngf3 O-O 8. Bd3
Nc6 9. O-O b6 10. Re1 Bb7 11. Ne5 Nxe5 12. dxe5 Nd7 13. Bg3 Bh4 14. Qg4 Bxg3
15. Qxg3 Re8 16. f4 Nf8 17. Nf3 d4 18. Rad1 Bxf3 19. Qxf3 dxc3 20. bxc3 Qc7 21.
Bb5 Red8 22. Rxd8 Rxd8 23. Rd1 Ng6 24. g3 Ne7 25. c4 Nf5 26. Kf2 g6 27. Rxd8+
Qxd8 28. Ke2 Qc8 29. g4 Ne7 30. h4 Kg7 31. h5 gxh5 32. gxh5 Nf5 33. Qg4+ Kh8
34. Ba4 Qg8 35. Qxg8+ Kxg8 36. Kd3 Kf8 37. Bc6 Ke7 38. a4 Ng7 39. Bf3 Kd7 40.
e4 a6 41. Bg4 Ne8 42. f5 Nc7 43. f6 Kc6 44. Kc3 b5 45. cxb5+ axb5 46. axb5+
Kxb5 47. Be2+ Kc6 48. Bc4 Nb5+ 49. Kd3 Nd4 50. Ke3 Kb6 51. Bd5 Kc7 52. Ba2 Kd7
53. Bc4 1/2-1/2

[Event "23rd 4NCL Congress"]
[Site "South Normanton"]
[Date "2019.10.04"]
[Round "1.9"]
[White "Angheluta, Ovidiu"]
[Black "Hirst, Joe"]
[Result "1/2-1/2"]
[WhiteElo "1858"]
[BlackElo "1660"]
[PlyCount "72"]
[EventDate "2019.10.04"]

1. e4 d6 2. c4 Nf6 3. Nc3 g6 4. g3 Bg7 5. Bg2 O-O 6. Nge2 e5 7. O-O c6 8. d3 a6
9. Rb1 b5 10. a3 Ne8 11. Be3 f5 12. f4 Nc7 13. Bb6 bxc4 14. dxc4 Qe7 15. Qd3
Ne8 16. b4 Be6 17. Rbd1 Nd7 18. Be3 Ndf6 19. fxe5 Nxe4 20. Nxe4 fxe4 21. Rxf8+
Kxf8 22. exd6 exd3 23. dxe7+ Kxe7 24. Bc5+ Kf7 25. Rxd3 Bxc4 26. Rd7+ Kg8 27.
Bxc6 Rc8 28. Bf3 Nf6 29. Ra7 Re8 30. Re7 Rd8 31. Nf4 Nd7 32. Ne6 Bxe6 33. Rxe6
Nxc5 34. bxc5 Bd4+ 35. Kf1 Bxc5 36. Rxa6 Rd6 1/2-1/2

[Event "23rd 4NCL Congress"]
[Site "South Normanton"]
[Date "2019.10.04"]
[Round "1.10"]
[White "Shore, James R"]
[Black "Whitehead, Mark A"]
[Result "1/2-1/2"]
[WhiteElo "1651"]
[BlackElo "1847"]
[PlyCount "58"]
[EventDate "2019.10.04"]

1. c4 e5 2. Nc3 Nc6 3. g3 g6 4. Bg2 Bg7 5. e4 Nge7 6. d3 d6 7. Nge2 O-O 8. O-O
Be6 9. a3 Qd7 10. f4 f5 11. Nd5 fxe4 12. dxe4 Rae8 13. Qc2 Nd8 14. Be3 Nc8 15.
fxe5 dxe5 16. Rxf8+ Rxf8 17. Rd1 Qc6 18. Bg5 Nf7 19. Be3 Nd8 20. b3 Kh8 21. Qd2
b6 22. Nec3 a6 23. Kh1 Bg4 24. Rf1 Rxf1+ 25. Bxf1 Qd7 26. Nb4 Qxd2 27. Bxd2 a5
28. Nbd5 c6 29. Ne3 Be6 1/2-1/2

[Event "23rd 4NCL Congress"]
[Site "South Normanton"]
[Date "2019.10.04"]
[Round "1.12"]
[White "Kaper, Andreas"]
[Black "Tokeley, Rob"]
[Result "0-1"]
[WhiteElo "1502"]
[BlackElo "1840"]
[PlyCount "128"]
[EventDate "2019.10.04"]

1. e4 c6 2. Nf3 d5 3. Nc3 Bg4 4. Be2 e6 5. Ne5 Bxe2 6. Qxe2 d4 7. Qf3 Qc7 8.
Qxf7+ Qxf7 9. Nxf7 Kxf7 10. Ne2 Nf6 11. d3 Bc5 12. O-O Rf8 13. a3 a5 14. Bf4
Nbd7 15. Rab1 b5 16. b4 axb4 17. axb4 Bb6 18. Ra1 e5 19. Bd2 Kg8 20. Ng3 g6 21.
f4 Rxa1 22. Rxa1 exf4 23. Bxf4 Ng4 24. Bd6 Rf6 25. Ra8+ Kg7 26. e5 Ngxe5 27.
Ne4 Rf5 28. Be7 Rf7 29. Bd6 Ng4 30. Ng5 Rf6 31. Be7 Rf5 32. Nf3 Ne3 33. Rc8
Nxc2 34. Rxc6 Nxb4 35. Bxb4 Bc5 36. Bxc5 Rxc5 37. Nxd4 Rxc6 38. Nxc6 Kf6 39.
Kf2 Ne5 40. Nb4 Ng4+ 41. Kg3 Kf5 42. h3 Nf6 43. Nc6 Nh5+ 44. Kf3 Kf6 45. d4 Ke6
46. g4 Nf6 47. g5 Nh5 48. Ke4 Ng3+ 49. Kf3 Nf5 50. Ke4 Nd6+ 51. Kd3 Kd5 52.
Ne7+ Ke6 53. Ng8 Kf5 54. Nf6 Kxg5 55. Nxh7+ Kh4 56. d5 Kxh3 57. Kd4 b4 58. Ng5+
Kg4 59. Ne4 Nxe4 60. Kxe4 b3 61. Kd3 Kf5 62. Kc3 Ke5 63. d6 Kxd6 64. Kxb3 Kd5
0-1

[Event "23rd 4NCL Congress"]
[Site "South Normanton"]
[Date "2019.10.04"]
[Round "1.14"]
[White "Sunny, Saurav"]
[Black "Somton, Anita"]
[Result "1/2-1/2"]
[WhiteElo "1362"]
[BlackElo "1831"]
[PlyCount "121"]
[EventDate "2019.10.04"]

1. Nf3 d5 2. d4 Nf6 3. g3 e6 4. Bg2 Be7 5. O-O O-O 6. b3 Nbd7 7. Bb2 b6 8. c4
Bb7 9. Nc3 c5 10. e3 Rc8 11. Qd3 cxd4 12. exd4 Ne4 13. Nd2 Nxc3 14. Bxc3 Ba6
15. Rfe1 Qc7 16. Bf1 Rfd8 17. Rac1 dxc4 18. bxc4 Nf6 19. Bb2 Qd7 20. Qb3 Bb7
21. Be2 Rc7 22. Qb5 Bc6 23. Qa6 Bb4 24. Red1 Qe7 25. Nf3 Ne4 26. Ne5 Bb7 27.
Qa4 Bd2 28. Rc2 Ba5 29. Bf3 Qg5 30. Bc1 Qf5 31. Bg4 Qf6 32. Qb3 Nd6 33. h4 h6
34. Bf4 g5 35. hxg5 hxg5 36. Be3 Kg7 37. f3 Rh8 38. Rg2 Qh6 39. Kf2 f5 40. d5
Kf8 41. dxe6 Qxe6 42. Bd4 fxg4 43. Nxg4 Rhh7 44. c5 Qxb3 45. axb3 Nf5 46. Bf6
Rcd7 47. Rgg1 bxc5 48. Kg2 Bc7 49. Rxd7 Rxd7 50. Bxg5 Bxg3 51. Rh1 Rg7 52. Rh8+
Rg8 53. Rh7 Bxf3+ 54. Kxf3 Rxg5 55. Rxa7 Bd6 56. Nf6 Nd4+ 57. Ke4 Re5+ 58. Kd3
Re7 59. Rxe7 Bxe7 60. Nd5 Nc6 61. Kc4 1/2-1/2

[Event "23rd 4NCL Congress"]
[Site "South Normanton"]
[Date "2019.10.05"]
[Round "2.1"]
[White "Bromilow, Edward T"]
[Black "Jarvis, Derek A"]
[Result "1/2-1/2"]
[WhiteElo "1867"]
[BlackElo "1942"]
[PlyCount "45"]
[EventDate "2019.10.04"]

1. d4 d5 2. Nc3 Nf6 3. Bf4 g6 4. Qd2 Bg7 5. O-O-O c6 6. Bh6 O-O 7. h4 Bxh6 8.
Qxh6 Ng4 9. Qf4 Qd6 10. Qxd6 exd6 11. Nh3 Bf5 12. e3 Nd7 13. Bd3 Bxd3 14. cxd3
f5 15. Ne2 Rae8 16. Nef4 Rf6 17. Rd2 h5 18. Ng5 Kg7 19. Kd1 Nh6 20. g3 Nf7 21.
Nfh3 Nxg5 22. Nxg5 Nf8 23. b4 1/2-1/2

[Event "23rd 4NCL Congress"]
[Site "South Normanton"]
[Date "2019.10.05"]
[Round "2.3"]
[White "Spanton, Tim R"]
[Black "Tokeley, Rob"]
[Result "1/2-1/2"]
[WhiteElo "1900"]
[BlackElo "1840"]
[PlyCount "84"]
[EventDate "2019.10.04"]

1. e4 c6 2. d4 d5 3. Nc3 dxe4 4. Nxe4 Nf6 5. Nxf6+ exf6 6. Bf4 Bd6 7. Qd2 Qe7+
8. Be3 Be6 9. Bd3 Nd7 10. Nf3 Nb6 11. O-O Nc4 12. Bxc4 Bxc4 13. Rfe1 O-O 14.
Bf4 Qc7 15. Bxd6 Qxd6 16. Re3 Rfe8 17. b3 Bd5 18. Rae1 Qd7 19. Rxe8+ Rxe8 20.
Rxe8+ Qxe8 21. Ne1 b6 22. Qe3 Kf8 23. Qxe8+ Kxe8 24. f3 Be6 25. Kf2 Ke7 26. Ke3
Kd6 27. Nd3 g5 28. a3 a5 29. f4 Bf5 30. g3 h5 31. h4 g4 32. c3 c5 33. b4 cxb4
34. cxb4 Bxd3 35. Kxd3 axb4 36. axb4 Kd5 37. b5 f5 38. Kc3 Kd6 39. Kc4 Ke6 40.
d5+ Kd6 41. Kd4 f6 42. Kc4 Kd7 1/2-1/2

[Event "23rd 4NCL Congress"]
[Site "South Normanton"]
[Date "2019.10.05"]
[Round "2.4"]
[White "Davies, Sam"]
[Black "Gibbs, Dominic V"]
[Result "1-0"]
[WhiteElo "1720"]
[BlackElo "1930"]
[PlyCount "66"]
[EventDate "2019.10.04"]

1. d4 e6 2. c4 f5 3. Nc3 Nf6 4. Nf3 g6 5. e3 Bg7 6. Be2 d6 7. O-O O-O 8. b4 Qe7
9. a4 e5 10. dxe5 dxe5 11. Ba3 Rd8 12. Qb3 c6 13. Rad1 Nbd7 14. c5+ Kh8 15. Ng5
Nd5 16. Nxd5 Qxg5 17. Nc7 Rb8 18. Ne6 Qe7 19. Nxd8 Qxd8 20. b5 Qe8 21. Bc4 e4
22. Rd6 Ne5 23. Rfd1 Bd7 24. Bb2 Rd8 25. Be6 Nd3 26. Bxg7+ Kxg7 27. Qc3+ Kh6
28. Qd4 Bxe6 29. Rxd8 Qf7 30. Qd6 Bb3 31. Rd7 Qg8 32. Rf1 Bxa4 33. Qg3 g5 1-0

[Event "23rd 4NCL Congress"]
[Site "South Normanton"]
[Date "2019.10.05"]
[Round "2.5"]
[White "Potter, Steven"]
[Black "Ukken, Somton"]
[Result "1/2-1/2"]
[WhiteElo "1720"]
[BlackElo "1876"]
[PlyCount "91"]
[EventDate "2019.10.04"]

1. d4 g6 2. Bg5 Bg7 3. Nf3 d5 4. h4 h6 5. Bf4 Nf6 6. e3 Nbd7 7. Nbd2 a6 8. Bd3
c5 9. c3 b5 10. Qe2 Bb7 11. Ne5 c4 12. Bc2 Nxe5 13. Bxe5 Qb6 14. a3 Bc8 15. Qf3
Bg4 16. Qg3 Bd7 17. Nf3 Qe6 18. Bxf6 exf6 19. O-O O-O 20. Rfe1 f5 21. Rad1 Rfe8
22. Rd2 Rad8 23. Rde2 Kh8 24. Nd2 Rg8 25. f3 Bf8 26. e4 Bd6 27. Qf2 f4 28. exd5
Qxd5 29. Ne4 Be7 30. Nc5 Bxc5 31. dxc5 Be6 32. Rd1 Qc6 33. Red2 Rc8 34. Qd4+
Kh7 35. h5 Qxc5 36. hxg6+ fxg6 37. Qxc5 Rxc5 38. Rd6 Bf5 39. Bxf5 Rxf5 40. Rxa6
Re5 41. Rb6 Rg7 42. Kf2 Rge7 43. Rd2 h5 44. Rbd6 g5 45. R6d5 Kg6 46. Rxe5
1/2-1/2

[Event "23rd 4NCL Congress"]
[Site "South Normanton"]
[Date "2019.10.05"]
[Round "2.4"]
[White "Davies, Sam"]
[Black "Gibbs, Dominic V"]
[Result "1-0"]
[WhiteElo "1720"]
[BlackElo "1930"]
[PlyCount "100"]
[EventDate "2019.10.04"]

1. e4 e5 2. Nf3 d6 3. Bc4 Nd7 4. d3 h6 5. Be3 Ngf6 6. Nc3 c6 7. Qd2 Ng4 8.
O-O-O Nxe3 9. fxe3 Be7 10. Rhg1 b5 11. Bb3 Nc5 12. d4 Nxb3+ 13. axb3 Qc7 14. h3
a5 15. Qf2 a4 16. bxa4 b4 17. Nb1 Rxa4 18. g4 f6 19. h4 c5 20. g5 fxg5 21. hxg5
h5 22. dxe5 dxe5 23. Nh4 Bg4 24. Ng6 Rg8 25. Rd5 Bd6 26. Rxg4 hxg4 27. Qf5 Qd7
28. Nxe5 Qxf5 29. exf5 Be7 30. Nxg4 Bxg5 31. Rxc5 Kd7 32. b3 Ra2 33. Nd2 Ra1+
34. Nb1 Ra2 35. Nd2 Ra1+ 36. Nb1 Ra2 37. Rc4 Rh8 38. Rxb4 Rh1+ 39. Kd2 Rxb1 40.
Rb7+ Kd6 41. Rxg7 Bh4 42. e4 Be1+ 43. Kd3 Rd1+ 44. Ke2 Rd2+ 45. Kxe1 Rdxc2 46.
e5+ Kc6 47. Rg6+ Kb5 48. Ne3 Re2+ 49. Kf1 Rxe3 50. f6 Rxb3 1-0

[Event "23rd 4NCL Congress"]
[Site "South Normanton"]
[Date "2019.10.05"]
[Round "2.7"]
[White "Maladkar, Lavanya"]
[Black "Brown, Geoffrey M"]
[Result "0-1"]
[WhiteElo "1647"]
[BlackElo "1861"]
[PlyCount "126"]
[EventDate "2019.10.04"]

1. d4 e6 2. c4 f5 3. Nf3 Nf6 4. Nc3 b6 5. e3 Bb4 6. a3 Bxc3+ 7. bxc3 Bb7 8. Bd3
Ne4 9. Bxe4 fxe4 10. Ne5 O-O 11. Qg4 Qf6 12. Qg3 d6 13. Ng4 Qg6 14. h4 h5 15.
Nh2 Qxg3 16. fxg3 Nd7 17. g4 hxg4 18. Nxg4 Nf6 19. Nxf6+ Rxf6 20. Rf1 Rxf1+ 21.
Kxf1 Ba6 22. Bd2 Rf8+ 23. Kg1 Bxc4 24. Rc1 Rf5 25. g4 Rf3 26. Kg2 Kf7 27. Rh1
Kg6 28. Re1 b5 29. Rh1 a5 30. Re1 a4 31. Rh1 c6 32. Rg1 Kf6 33. Rh1 Kf7 34. Re1
e5 35. dxe5 dxe5 36. Rb1 Be6 37. Rb4 Bc4 38. Rb1 Kg6 39. Rh1 Be6 40. g5 Kh5 41.
Rh2 Bc4 42. Rh1 g6 43. Bc1 Kg4 44. Bd2 Rg3+ 45. Kf2 Rh3 46. Rg1+ Kxh4 47. Rg2
Rf3+ 48. Kg1 Rf1+ 49. Kh2 Ra1 50. Rg1 Rxg1 51. Kxg1 Kg3 52. Be1+ Kf3 53. Bf2
Bd3 54. Be1 Kxe3 55. Bg3 Kd2 56. Bxe5 e3 57. Bf4 Ke2 58. Kg2 Be4+ 59. Kg3 Bd5
60. Be5 Kf1 61. Bd4 e2 62. Bf2 e1=Q 63. Bxe1 Kxe1 0-1

[Event "23rd 4NCL Congress"]
[Site "South Normanton"]
[Date "2019.10.05"]
[Round "2.8"]
[White "Garnett, John S"]
[Black "Shore, James R"]
[Result "1-0"]
[WhiteElo "1861"]
[BlackElo "1651"]
[PlyCount "73"]
[EventDate "2019.10.04"]

1. c4 e5 2. g3 c5 3. Bg2 Nc6 4. Nc3 Nf6 5. d3 d6 6. e3 Bf5 7. Nge2 Be7 8. O-O
O-O 9. b3 Qc8 10. Nd5 Nxd5 11. cxd5 Nb4 12. e4 Bh3 13. a3 Bxg2 14. Kxg2 Na6 15.
Bb2 f6 16. Rc1 Qd7 17. Nc3 Nc7 18. f3 Rac8 19. Rc2 Nb5 20. Nxb5 Qxb5 21. Rcf2
Rf7 22. a4 Qd7 23. f4 Rcf8 24. Qh5 Bd8 25. Bc1 Bc7 26. f5 Qe8 27. g4 Rd7 28.
Qh3 h6 29. Qg3 Kf7 30. h4 Ke7 31. g5 hxg5 32. hxg5 Bb6 33. Be3 a5 34. Rh1 Rh8
35. gxf6+ Kxf6 36. Qg5+ Kf7 37. Qg6+ 1-0

[Event "23rd 4NCL Congress"]
[Site "South Normanton"]
[Date "2019.10.05"]
[Round "2.9"]
[White "Walshaw, David"]
[Black "Angheluta, Ovidiu"]
[Result "1/2-1/2"]
[WhiteElo "1646"]
[BlackElo "1858"]
[PlyCount "67"]
[EventDate "2019.10.04"]

1. e4 d5 2. exd5 Qxd5 3. Nf3 Nf6 4. d4 c6 5. Be2 Bf5 6. O-O e6 7. c4 Qa5 8. Nc3
Bd6 9. Qb3 Qc7 10. h3 h6 11. Be3 Nbd7 12. Rac1 O-O-O 13. Qa4 Kb8 14. b4 g5 15.
d5 Nb6 16. Bxb6 axb6 17. Nd4 Bf4 18. Rcd1 b5 19. cxb5 cxd5 20. Nxf5 exf5 21.
Rd3 g4 22. h4 d4 23. Nb1 Ne4 24. Ra3 Qb6 25. Bd3 Rhe8 26. g3 Bd2 27. Nxd2 Nxd2
28. Rc1 Re1+ 29. Rxe1 Nf3+ 30. Kf1 Nxe1 31. Kxe1 Rd7 32. Kf1 Qe6 33. Qd1 f4 34.
Qd2 1/2-1/2

[Event "23rd 4NCL Congress"]
[Site "South Normanton"]
[Date "2019.10.05"]
[Round "2.10"]
[White "Whitehead, Mark A"]
[Black "Radford, Mark Sr"]
[Result "1-0"]
[WhiteElo "1847"]
[BlackElo "1643"]
[PlyCount "53"]
[EventDate "2019.10.04"]

1. e4 e6 2. Qe2 c5 3. g3 Nc6 4. c3 g6 5. Bg2 Bg7 6. f4 Nge7 7. d3 O-O 8. Nf3 d5
9. O-O b6 10. Nbd2 Ba6 11. e5 d4 12. c4 Rc8 13. Ne4 Nf5 14. g4 Ne3 15. Bxe3
dxe3 16. Qxe3 Nb4 17. Ne1 Qe7 18. g5 Rfd8 19. Nf6+ Kh8 20. Rf3 Bf8 21. Rh3 h6
22. Rh4 Bg7 23. Qh3 Qf8 24. Be4 b5 25. Ng4 h5 26. Rxh5+ gxh5 27. Qxh5+ 1-0

[Event "23rd 4NCL Congress"]
[Site "South Normanton"]
[Date "2019.10.05"]
[Round "2.13"]
[White "Graham, Neil"]
[Black "Kaper, Andreas"]
[Result "1-0"]
[WhiteElo "1769"]
[BlackElo "1502"]
[PlyCount "53"]
[EventDate "2019.10.04"]

1. d4 Nf6 2. f3 g6 3. e4 d6 4. c4 Bg7 5. Nc3 O-O 6. Be3 c6 7. Bd3 Ne8 8. Nge2
f5 9. exf5 Bxf5 10. Bxf5 Rxf5 11. Ng3 Rf7 12. Qd2 Nd7 13. O-O Nc7 14. f4 e5 15.
fxe5 Rxf1+ 16. Rxf1 dxe5 17. Bg5 Qe8 18. d5 Nb6 19. b3 Qd7 20. d6 Ne6 21. Nce4
Rf8 22. Nf6+ Bxf6 23. Bxf6 Nc5 24. Bxe5 Re8 25. Bb2 Ne4 26. Qd4 Nxd6 27. Qh8#
1-0

[Event "23rd 4NCL Congress"]
[Site "South Normanton"]
[Date "2019.10.05"]
[Round "2.14"]
[White "Zheng, Harry Z"]
[Black "Mendis, Vidura"]
[Result "1-0"]
[WhiteElo "1765"]
[BlackElo "1544"]
[PlyCount "39"]
[EventDate "2019.10.04"]

1. e4 e6 2. d4 d5 3. Nd2 dxe4 4. Nxe4 Nf6 5. Nxf6+ gxf6 6. Nf3 c5 7. Be3 Qb6 8.
dxc5 Qb4+ 9. Qd2 Qxb2 10. Bd4 Qa3 11. Bxf6 Nd7 12. Bxh8 Qxc5 13. Bd3 b6 14. Be4
Rb8 15. O-O h5 16. Rad1 Be7 17. Bd4 Qc7 18. Qh6 Ba6 19. Rfe1 Rd8 20. Bg6 1-0

[Event "23rd 4NCL Congress"]
[Site "South Normanton"]
[Date "2019.10.05"]
[Round "2.16"]
[White "Arora, Tashika"]
[Black "Clegg, Robert"]
[Result "0-1"]
[WhiteElo "1506"]
[BlackElo "1741"]
[PlyCount "138"]
[EventDate "2019.10.04"]

1. d4 Nf6 2. Nf3 g6 3. Bf4 Bg7 4. e3 O-O 5. Be2 d6 6. O-O Nbd7 7. c4 Nh5 8. Bg5
h6 9. Bh4 Qe8 10. Nc3 c6 11. Rc1 e5 12. d5 g5 13. Bg3 Nxg3 14. hxg3 c5 15. Nd2
a6 16. Nde4 Qe7 17. g4 Nf6 18. Nxf6+ Bxf6 19. Ne4 Bg7 20. Ng3 b5 21. e4 Bd7 22.
b3 b4 23. Nf5 Qf6 24. Qd3 a5 25. Ra1 a4 26. Qh3 Ra6 27. Rad1 Rfa8 28. Rd3 axb3
29. axb3 Ra2 30. Bd1 Bf8 31. Qh5 Qg6 32. Qh2 Rb2 33. Rh3 Kh7 34. Qg3 Ra1 35.
Qf3 Rc1 36. Ng3 Rc3 37. Nh5 Rxf3 38. Rxf3 Be7 39. Re3 Qg8 40. Ng3 Qa8 41. Rf3
Kg6 42. Nf5 Bf8 43. Rh3 Qa2 44. Rf3 Qb1 45. Re3 Rd2 46. Bf3 Qb2 47. Bd1 Qc1 48.
Bf3 Qc2 49. Ng3 Ba4 50. bxa4 b3 51. Ne2 Qxc4 52. Nc3 b2 53. Be2 Qb4 54. Bb5 Rc2
55. Nb1 Rc1 56. Re2 c4 57. Bxc4 Qxc4 58. Ree1 Be7 59. a5 Bd8 60. Nd2 Qc2 61.
Nb1 Bxa5 62. Rxc1 bxc1=Q 63. Rxc1 Qxc1+ 64. Kh2 Qxb1 65. f3 Bd2 66. g3 Qc2 67.
Kg1 Be3+ 68. Kh1 Qf2 69. f4 Qg1# 0-1

[Event "23rd 4NCL Congress"]
[Site "South Normanton"]
[Date "2019.10.05"]
[Round "2.17"]
[White "Livesey, R  Nigel"]
[Black "Lv, Jason"]
[Result "0-1"]
[WhiteElo "1740"]
[BlackElo "1498"]
[PlyCount "72"]
[EventDate "2019.10.04"]

1. c4 e5 2. g3 Nc6 3. Bg2 Nf6 4. Nc3 Bc5 5. a3 a5 6. e3 O-O 7. Nge2 Re8 8. d3
d6 9. O-O Bd7 10. Nd5 Nxd5 11. cxd5 Ne7 12. d4 exd4 13. Nxd4 Qc8 14. e4 Bh3 15.
Re1 Bxg2 16. Kxg2 Nxd5 17. Nb3 Nf6 18. Nxc5 dxc5 19. e5 Qe6 20. Qc2 b6 21. Bf4
Nd5 22. Bd2 Qc6 23. f3 Qg6 24. Qc4 Rad8 25. Rad1 c6 26. Re4 h5 27. h4 Qe6 28.
Qe2 Nc7 29. Bg5 Rxd1 30. Qxd1 Qd5 31. Qe2 Ne6 32. Be3 Nd4 33. Qa6 Nxf3 34. Kxf3
f5 35. Qc4 fxe4+ 36. Qxe4 Rxe5 0-1

[Event "23rd 4NCL Congress"]
[Site "South Normanton"]
[Date "2019.10.05"]
[Round "2.19"]
[White "Robinson, Brian"]
[Black "Dean, Robert A"]
[Result "0-1"]
[WhiteElo "1545"]
[BlackElo "1750"]
[PlyCount "64"]
[EventDate "2019.10.04"]

1. d4 d5 2. Nf3 Nf6 3. e3 g6 4. Bd3 Bg7 5. O-O Nbd7 6. Nbd2 O-O 7. b3 Re8 8.
Bb2 c5 9. Ne5 Nxe5 10. dxe5 Ng4 11. Nf3 Qc7 12. c4 dxc4 13. Bxc4 Rd8 14. Qe2
Nxe5 15. Nxe5 Bxe5 16. Bxe5 Qxe5 17. Qf3 e6 18. Rad1 Rxd1 19. Rxd1 Qg5 20. Rd2
Kg7 21. Qd1 b6 22. e4 Qf6 23. f3 Bb7 24. Rd6 Rf8 25. a4 h5 26. Kf1 Bxe4 27. Qe2
Bf5 28. Qd2 h4 29. Rd7 h3 30. g3 Bg4 31. f4 Qa1+ 32. Kf2 Qh1 0-1

[Event "23rd 4NCL Congress"]
[Site "South Normanton"]
[Date "2019.10.05"]
[Round "2.20"]
[White "Sudar, Dragoljub"]
[Black "Sunny, Saurav"]
[Result "1-0"]
[WhiteElo "1810"]
[BlackElo "1362"]
[PlyCount "93"]
[EventDate "2019.10.04"]

1. e4 c5 2. Nf3 d6 3. d4 cxd4 4. Nxd4 Nf6 5. Nc3 Nc6 6. Be2 a6 7. O-O g6 8. Be3
Bg7 9. Nb3 O-O 10. Qd2 Qc7 11. f3 b5 12. a3 Bb7 13. Rac1 Rfd8 14. Bd3 Ne5 15.
Qf2 Nfd7 16. Rfd1 Bc6 17. h3 Nc4 18. Bxc4 bxc4 19. Nd4 Bb7 20. a4 Qa5 21. Qd2
Rab8 22. b3 Rdc8 23. Nde2 Ba8 24. Nb1 Qh5 25. Bd4 Bh6 26. Be3 Bg7 27. Nf4 Qh4
28. Ne2 h6 29. Bf2 Qh5 30. Nf4 Qg5 31. h4 Qf6 32. Ba7 Rb7 33. Nd5 Qxh4 34. Bf2
Qg5 35. Qxg5 hxg5 36. Nxe7+ Kf8 37. Nxc8 Bb2 38. Nxd6 Rc7 39. Nxc4 Bxc1 40.
Rxc1 Nf6 41. Rd1 Ke7 42. Nc3 g4 43. Bh4 Rc5 44. e5 gxf3 45. Bxf6+ Ke6 46. Ne3
Rc6 47. Ne4 1-0

[Event "23rd 4NCL Congress"]
[Site "South Normanton"]
[Date "2019.10.05"]
[Round "3.1"]
[White "Jarvis, Derek A"]
[Black "Somton, Anita"]
[Result "1/2-1/2"]
[WhiteElo "1942"]
[BlackElo "1831"]
[PlyCount "91"]
[EventDate "2019.10.04"]

1. e4 c6 2. d4 d5 3. Nd2 dxe4 4. Nxe4 Bf5 5. Ng3 Bg6 6. Nf3 Nd7 7. h4 h6 8. h5
Bh7 9. Bd3 Bxd3 10. Qxd3 e6 11. Bf4 Ngf6 12. O-O-O Be7 13. Ne4 Nxe4 14. Qxe4
Nf6 15. Qe2 Qa5 16. Kb1 Nd5 17. Bd2 Qb6 18. c4 Nf6 19. Bf4 Rd8 20. Be5 O-O 21.
Nd2 c5 22. Nb3 cxd4 23. Bxd4 Qc6 24. f3 b6 25. g4 Nh7 26. f4 a5 27. Bc3 Rxd1+
28. Rxd1 Rd8 29. Rxd8+ Bxd8 30. a3 Bc7 31. Nd4 Qd7 32. Qf3 e5 33. Qa8+ Nf8 34.
fxe5 Bxe5 35. Qe4 Bf6 36. Ka2 Qc7 37. Nb5 Qd8 38. Qc6 Nd7 39. Qd6 Qc8 40. b3
Qb7 41. Bxf6 Nxf6 42. Qd8+ Kh7 43. Qd3+ Kg8 44. Qd8+ Kh7 45. Qd3+ Kg8 46. Qd8+
1/2-1/2